[Event "Roquetas de Mar op 30th"]
[Site "Roquetas de Mar"]
[Date "2019.01.05"]
[Round "6"]
[White "Sanchez Jerez, Emilio Miguel"]
[Black "Nguyen, Piotr"]
[Result "0-1"]
[WhiteElo "2193"]
[BlackElo "2403"]
[PlyCount "70"]
[EventDate "2019.01.02"]
[EventType "swiss"]
[EventRounds "9"]
[EventCountry "ESP"]
[SourceTitle "CBM 188 Extra"]
[Source "ChessBase"]
[SourceDate "2019.02.28"]
[SourceVersion "1"]
[SourceVersionDate "2019.02.28"]
[SourceQuality "1"]

1. e4 c5 2. Nc3 Nc6 3. Bb5 Nd4 4. Nf3 g6 5. Bc4 d6 6. Nxd4 cxd4 7. Ne2 Bg7 8. d3 e6 9. 0-0 Ne7 10. c3 dxc3 11. bxc3 0-0 12. Bb3 b6 13. Bg5 h6 14. Be3 Kh7 15. f4 Bd7 16. g4 f5 17. gxf5 gxf5 18. Nd4 Qc8 19. Rc1 Rf6 20. h3 fxe4 21. dxe4 e5 22. f5 exd4 23. cxd4 Qb7 24. d5 Ng8 25. Rf4 Re8 26. Qf3 Rc8 27. Rf1 Rc3 28. Qf2 Rf7 29. Rh4 Bb5 30. Re1 Qe7 31. Rg4 Nf6 32. Rg6 Nxe4 33. Qg2 Rxf5 34. Re6 Qh4 35. Qg6+ Kg8 0-1

[Event "Madrid Chamartin op 7th"]
[Site "Madrid"]
[Date "2018.09.03"]
[Round "1"]
[White "Sanchez Jerez, Emilio Miguel"]
[Black "Rodriguez Bachiller, Luis"]
[Result "1-0"]
[WhiteElo "2198"]
[BlackElo "1613"]
[PlyCount "91"]
[EventDate "2018.09.03"]
[EventType "swiss"]
[EventRounds "9"]
[EventCountry "ESP"]
[SourceTitle "CBM 187 Extra"]
[Source "ChessBase"]
[SourceDate "2018.11.04"]
[SourceVersion "1"]
[SourceVersionDate "2018.11.04"]
[SourceQuality "1"]

1. Nc3 d5 2. e4 dxe4 3. Nxe4 Nf6 4. Nxf6+ exf6 5. Bc4 Be6 6. Qe2 Qd7 7. Nf3 Be7 8. 0-0 Bxc4 9. Qxc4 0-0 10. d4 Qc6 11. Qb3 Rd8 12. c4 Nd7 13. Be3 Qb6 14. Qc2 a5 15. Rfe1 Re8 16. h4 g6 17. Rad1 Qa6 18. h5 Rac8 19. b3 b5 20. c5 c6 21. g4 a4 22. b4 Qb7 23. Qd3 Rcd8 24. Qf1 Nf8 25. Qh3 Qc8 26. Kg2 Qe6 27. a3 Qd5 28. Rh1 Qe4 29. hxg6 fxg6 30. Bh6 f5 31. gxf5 Qxf5 32. Qxf5 gxf5 33. Ne5 Rc8 34. Kf3 Ng6 35. Rhg1 Bf8 36. Bxf8 Rxf8 37. Nxg6 hxg6 38. Rxg6+ Kf7 39. Rd6 Rfd8 40. Rxd8 Rxd8 41. Ke3 Ke6 42. Re1 Rh8 43. Kd3+ Kf6 44. d5 cxd5 45. Kd4 Rh3 46. c6 1-0